000 00261nam a22000977a 4500
999 _c11692
_d11692
008 191203b ||||| |||| 00| 0 eng d
020 _a9788121938556
100 _aKumar,P.
_97391
245 _aHandbook of Mathematics
260 _aNew Delhi
_bChand Publications
_c2011